Địa danh Phú Yên
Giới thiệu về vùng đất con người Phú Yên. Về địa danh Phú Yên; Tổng hợp và phân loại địa danh qua tục ngữ, ca dao.
Đã lưu trong:
| Tác giả chính: | |
|---|---|
| Định dạng: | Sách |
| Năm xuất bản: |
H.
Văn hóa Thông tin
2014
|
| Chủ đề: | |
| Tags: |
Thêm thẻ
Không có thẻ, Hãy là người đầu tiên gắn thẻ bản ghi này!
|
| LEADER | 00999nam a2200193 4500 | ||
|---|---|---|---|
| 999 | |c 5578 |d 5578 | ||
| 082 | |a 398.32959755 |b NG 527 Đ | ||
| 100 | |a Nguyễn Đình Chúc | ||
| 245 | |a Địa danh Phú Yên |c Nguyễn Đình Chúc | ||
| 260 | |a H. |b Văn hóa Thông tin |c 2014 | ||
| 300 | |a 527tr. |c 21cm | ||
| 520 | |a Giới thiệu về vùng đất con người Phú Yên. Về địa danh Phú Yên; Tổng hợp và phân loại địa danh qua tục ngữ, ca dao. | ||
| 653 | |a Văn học dân gian | ||
| 653 | |a Địa danh | ||
| 653 | |a Phú Yên | ||
| 653 | |a Việt Nam | ||
| 942 | |2 ddc |c SH | ||
| 952 | |0 0 |1 0 |2 ddc |4 0 |6 398_329597550000000_NG_527_Đ |7 0 |8 300 |9 51678 |a qbu |b qbu |c D2 |d 2014-12-26 |g 105000 |o 398.32959755 NG 527 Đ |p 4967.C1 |w 2014-12-26 |y SH |0 0 |6 398_329597550000000_NG_527_Đ |0 0 |6 398_329597550000000_NG_527_Đ | ||
| 952 | |0 0 |1 0 |2 ddc |4 0 |6 398_329597550000000_NG_527_Đ |7 0 |8 300 |9 76974 |a qbu |b qbu |c D2 |d 2015-06-10 |g 105000 |o 398.32959755 NG 527 Đ |p 4967.c2 |w 2015-06-10 |y SH |0 0 |6 398_329597550000000_NG_527_Đ | ||